000 00285 a2200109 4500
001 ART_46625
005 20260410161756.0
008 260409a
245 1 0 _aPosnet
100 1 _aSequeira, Marcos A.
773 0 _tDoctrina tributaria
_g- N°458 (mayo 2018)
_wREV4296
999 _c20172
_d20172